[Event "Challenge"]
[Site "http://www.queenalice.com/game.php?id=1019044"]
[Date "2012.1.29"]
[Round "-"]
[White "pancas"]
[Black "Serrote"]
[Result "1/2-1/2"]
[WhiteElo "1860"]
[BlackElo "2024"]

1. e4 c5 2. Nf3 d6 3. d4 cxd4 4. Nxd4 e6 5. Bb5+ Bd7 6. Bxd7+ Nxd7 7. Be3 Ngf6
8. Nc3 a6 9. O-O Be7 10. h3 O-O 11. Nf3 Qc7 12. a3 Rfd8 13. Qe2 Rac8 14. Rac1
Nc5 15. b4 Ncxe4 16. Na4 Nc3 17. Nxc3 Qxc3 18. Qd3 d5 19. Bd2 Qxd3 20. cxd3 h6
21. Nd4 Bd6 22. Nb3 Rc7 23. Be3 Rdc8 24. Rxc7 Rxc7 25. Rc1 Rxc1+ 26. Bxc1 Nd7
27. Be3 Kf8 28. Na5 b6 29. Nb3 Ke8 30. g3 a5 31. bxa5 bxa5 32. Nxa5 Bxa3 33. Kf1
Ne5 34. Ke2 Kd7 35. Bd4 Bd6 36. f4 Nc6 37. Nxc6 Kxc6 38. Bxg7 h5 39. d4 Bb4 40.
Kf3 Kd7 41. g4 hxg4+ 42. Kxg4 Ke8 43. Bf6 Kf8 44. h4 Kg8 45. h5 Bf8 46. f5 Bh6
47. fxe6 fxe6 48. Be5 Kf7 49. Kf3 Bg5 50. Ke2 Kg8 51. Kd3 Kh7 52. Kc3 Kh6 53.
Kb4 Kxh5 54. Kc5 Kg6 55. Kd6 Kf7 56. Kd7 Bf6 57. Kd6 Bxe5+ 58. Kxe5 Ke7 59. Kf4
Kf6 60. Ke3 Kf5 61. Kf3 e5 62. dxe5 Kxe5 63. Ke3 d4+ 64. Kd3 Kd5 65. Kd2 Ke4 66.
Ke2 d3+ 67. Kd2 Kd4 68. Kd1 Ke3 69. Ke1 d2+ 70. Kd1 Kd4 71. Kxd2 Kd5 72. Kd3 Ke5
1/2-1/2

[Event "Challenge"]
[Site "http://www.queenalice.com/game.php?id=1019045"]
[Date "2012.1.29"]
[Round "-"]
[White "Serrote"]
[Black "pancas"]
[Result "0-1"]
[WhiteElo "2017"]
[BlackElo "1908"]

1. d4 d5 2. e3 Nf6 3. c4 e6 4. Nc3 Bb4 5. Bd2 Nc6 6. Be2 dxc4 7. Bxc4 O-O 8. Nf3
a6 9. O-O Bd6 10. Be2 Nd5 11. a3 Nce7 12. Rc1 h6 13. Re1 Nf6 14. h3 b5 15. Qc2
Ned5 16. Ne4 Be7 17. Nxf6+ Nxf6 18. Qxc7 Bd6 19. Qxd8 Rxd8 20. Bc3 Bb7 21. Nd2
Nd5 22. Bf3 Rab8 23. Ne4 Be7 24. Nd2 b4 25. Bxd5 Rxd5 26. axb4 Rb5 27. Rc2 Bxb4
28. Bxb4 Rxb4 29. Rb1 Kf8 30. b3 Rb5 31. Rcb2 Rg5 32. f3 Rc8 33. Kf2 e5 34. dxe5
Rxe5 35. e4 Rec5 36. Nc4 Bc6 37. Rd1 Bb5 38. Rbd2 Bxc4 39. bxc4 Rxc4 40. Ra1
R4c6 41. Ra5 Ke8 42. Rad5 R6c7 43. Rd6 Ra8 44. Ra2 a5 45. Rd4 Rca7 46. Raa4 Ke7
47. Ke3 Rb8 48. Rd2 Ke6 49. Kf4 Rb4 50. Rda2 Rxa4 51. Rxa4 Kd6 52. Ke3 Kc5 53.
Kd3 Kb5 54. Ra2 a4 55. Kc3 Rc7+ 56. Kb2 Kb4 57. Ra3 Rd7 58. Rc3 Rd2+ 59. Rc2
Rxc2+ 60. Kxc2 a3 61. Kb1 Kc3 62. Ka2 Kd3 63. Kxa3 Ke3 64. Kb3 Kf2 65. Kc3 Kxg2
66. f4 Kf3 67. Kd4 Kxf4 68. e5 h5 69. Kd5 Kf5 70. Kd6 g5 71. Kd5 g4 72. hxg4+
hxg4 73. Kd4 Kf4 74. Kd5 g3 75. e6 fxe6+ 76. Kxe6 g2 0-1

[Event "Challenge"]
[Site "http://www.queenalice.com/game.php?id=1027152"]
[Date "2012.2.6"]
[Round "-"]
[White "roda"]
[Black "Serrote"]
[Result "0-1"]
[WhiteElo "1816"]
[BlackElo "1999"]

1. e4 e6 2. d4 d5 3. e5 c5 4. b3 Nc6 5. Bb2 cxd4 6. Bxd4 Nge7 7. Nf3 Bd7 8. Be2
Qc7 9. Nc3 Nxd4 10. Qxd4 Nc6 11. Qe3 a6 12. O-O Bb4 13. a3 Ba5 14. Na2 O-O 15.
c3 Bb6 16. Qd2 Nxe5 17. Rad1 Rad8 18. Nxe5 Qxe5 19. Rde1 Qc7 20. Kh1 Ba7 21. a4
Bb8 22. g3 Bc6 23. Kg1 h6 24. Nb4 Bd7 25. Nd3 b5 26. Nf4 Bc8 27. axb5 axb5 28.
Bxb5 Qb6 29. Ba4 Ba6 30. Ne2 Rc8 31. b4 Rc7 32. Qb2 Bd3 33. Bc2 Bxc2 34. Qxc2
Rfc8 35. Rd1 Qxb4 36. cxb4 Rxc2 37. Nd4 Rb2 38. b5 Bd6 39. Kg2 Rc4 40. Kh3 Bc5
41. Nf3 Rxb5 42. Ne5 Rc2 43. Nd3 Bd6 44. f4 Ra5 45. Ne1 Re2 46. Rg1 Ra3 47. Nd3
Re3 48. Ne5 Bxe5 49. fxe5 Rxe5 50. Rd2 Kh7 51. Rd4 Ra2 52. Rf1 f6 53. Rb4 Ree2
54. Rh1 e5 55. Kg4 Kg6 56. h4 h5+ 57. Kh3 d4 58. Rb3 e4 59. Rb4 d3 60. Rbb1 Re3
61. Rh2 Rae2 62. Rb3 Rxh2+ 63. Kxh2 Re2+ 64. Kh3 d2 65. g4 d1=Q 66. gxh5+ Kxh5
67. Kg3 Qxb3+ 68. Kf4 Qf3# 0-1

[Event "Challenge"]
[Site "http://www.queenalice.com/game.php?id=1027153"]
[Date "2012.2.6"]
[Round "-"]
[White "Serrote"]
[Black "roda"]
[Result "0-1"]
[WhiteElo "2050"]
[BlackElo "1790"]

1. d4 d5 2. e3 Nf6 3. c4 b6 4. Nc3 e6 5. Nf3 Bb4 6. Bd2 Qe7 7. Be2 Nbd7 8. O-O
O-O 9. cxd5 exd5 10. Qc2 c5 11. a3 Bxc3 12. Bxc3 c4 13. Bb4 Qe4 14. Qxe4 Nxe4
15. Bxf8 Nxf8 16. Rac1 Bg4 17. Rfe1 Ne6 18. Ne5 Bxe2 19. Rxe2 f6 20. Nf3 a5 21.
Nd2 b5 22. Nxe4 dxe4 23. h3 Rc8 24. Rec2 a4 25. Rc3 Ra8 26. Kf1 f5 27. Ke2 g6
28. h4 h5 29. g3 Kg7 30. Rf1 g5 31. f3 Re8 32. Rf2 exf3+ 33. Rxf3 Nxd4+ 34. Kf2
Nxf3 35. Kxf3 g4+ 36. Kf2 Kf6 37. Rc1 Rd8 38. Ke2 Ke5 39. Re1 Ke4 40. Rf1 Ke5
41. Rf4 Rd3 42. Rf1 Rb3 43. Rd1 Rxb2+ 44. Rd2 c3 0-1

[Event "Bar7"]
[Site "http://www.queenalice.com/game.php?id=1040541"]
[Date "2012.3.19"]
[Round "1"]
[White "pancas"]
[Black "Serrote"]
[Result "0-1"]
[WhiteElo "1881"]
[BlackElo "2008"]

1. e4 e6 2. Nf3 d5 3. exd5 exd5 4. d4 Nf6 5. Bd3 h6 6. c3 Be7 7. Bc2 Be6 8. O-O
c6 9. h3 Qc8 10. Bf4 O-O 11. Be5 Nbd7 12. Qd3 Re8 13. Nbd2 c5 14. dxc5 Nxc5 15.
Qe2 Ncd7 16. Bd4 Bc5 17. Nb3 Bxd4 18. Nbxd4 Nb6 19. Qd3 Qc4 20. Qd2 Rad8 21.
Nxe6 Rxe6 22. Rfe1 Rde8 23. Rxe6 Rxe6 24. Nd4 Re8 25. Nf5 Qc7 26. Qd3 Qe5 27.
Ng3 Nbd7 28. Rd1 Nc5 29. Qd4 Qxd4 30. Rxd4 Ne6 31. Rd1 a6 32. Nf5 Rd8 33. Nd4
Nxd4 34. Rxd4 Kf8 35. Bb3 Ke7 36. Rd1 g6 37. Re1+ Kf8 38. Rd1 Ke7 39. g4 g5 40.
Rd4 Rd7 41. Kg2 Kd6 42. c4 Kc5 43. Rd1 dxc4 44. Rc1 b5 45. Bd1 Rd2 46. Rb1 Ne4
47. b4+ Kb6 48. Kf3 Nc3 49. Rc1 Nxd1 50. Ke4 Nxf2+ 51. Ke3 Rxa2 52. Rf1 Kc6 53.
Kd4 Kd6 54. Ke3 Kd5 55. Kf3 Kd4 56. Re1 c3 57. Re7 Nxh3 58. Rd7+ Kc4 59. Rd6 Kb3
60. Rd3 Kxb4 61. Ke4 Nf2+ 0-1

[Event "AEAP 2012"]
[Site "http://www.queenalice.com/game.php?id=1053386"]
[Date "2012.4.27"]
[Round "2"]
[White "Serrote"]
[Black "cabral25"]
[Result "1-0"]
[WhiteElo "2019"]
[BlackElo "1718"]

1. d4 d5 2. e3 Nf6 3. c4 Nc6 4. Nc3 Be6 5. cxd5 Bxd5 6. Nxd5 Qxd5 7. Nf3 e6 8.
Be2 Bd6 9. h3 a6 10. Bd2 Ne4 11. O-O O-O 12. a3 e5 13. Bc3 Nxc3 14. bxc3 e4 15.
Nd2 Ne7 16. c4 Qg5 17. Nxe4 Qf5 18. Bd3 Qe6 19. c5 f5 20. Nd2 Bg3 21. Bc4 Nd5
22. Qf3 c6 23. Qxg3 Kh8 24. Qf3 Rae8 25. Rfe1 Qf6 26. Bxd5 cxd5 27. Qxd5 Rf7 28.
Rab1 1-0

[Event "Challenge"]
[Site "http://www.queenalice.com/game.php?id=1061411"]
[Date "2012.5.19"]
[Round "-"]
[White "JD"]
[Black "Serrote"]
[Result "0-1"]
[WhiteElo "1639"]
[BlackElo "2023"]

1. Nf3 c5 2. Nc3 Nf6 3. e3 e6 4. a3 Be7 5. d4 cxd4 6. exd4 d5 7. b4 O-O 8. Bg5
a6 9. h3 Nbd7 10. Bxf6 Nxf6 11. g4 Qc7 12. Qd2 Bd7 13. g5 Ne8 14. h4 Nd6 15. b5
a5 16. Ne5 Rac8 17. Nxd7 Qxd7 18. f4 Qc7 19. Na2 Ne4 20. Qe3 Qxc2 0-1

[Event "Challenge"]
[Site "http://www.queenalice.com/game.php?id=1061412"]
[Date "2012.5.19"]
[Round "-"]
[White "Serrote"]
[Black "JD"]
[Result "1-0"]
[WhiteElo "2025"]
[BlackElo "1637"]

1. d4 e6 2. c4 h6 3. Nc3 Nf6 4. e3 d5 5. Nf3 Nc6 6. Be2 Bb4 7. Bd2 Ne4 8. O-O
Nxc3 9. Bxc3 Bd6 10. a3 g5 11. cxd5 exd5 12. Qc2 g4 13. Nd2 f5 14. g3 h5 15. Bd3
Ne7 16. Rfe1 h4 17. Rac1 hxg3 18. fxg3 Ng6 19. Bxf5 Bxf5 20. Qxf5 1-0

[Event "Challenge"]
[Site "http://www.queenalice.com/game.php?id=1078530"]
[Date "2012.7.2"]
[Round "-"]
[White "Serrote"]
[Black "dietanov"]
[Result "1/2-1/2"]
[WhiteElo "2027"]
[BlackElo "1917"]

1. d4 Nf6 2. c4 d5 3. e3 e6 4. Nc3 Bb4 5. Bd2 O-O 6. Nf3 c5 7. Be2 Nc6 8. dxc5
Bxc5 9. O-O a6 10. Rc1 d4 11. exd4 Bxd4 12. Nxd4 Nxd4 13. Be3 Nxe2+ 14. Qxe2 Qc7
15. b3 Bd7 16. Bd4 Ne8 17. Qe5 Qxe5 18. Bxe5 f6 19. Bd4 e5 20. Be3 Bc6 21. Rcd1
Nc7 22. f3 Rad8 23. h3 Ne6 24. Ne2 Rxd1 25. Rxd1 Rd8 26. Rxd8+ Nxd8 27. Kf2 Ne6
28. Ng3 Kf7 29. Ne2 f5 30. f4 e4 31. g4 g6 32. g5 b5 33. cxb5 Bxb5 34. Nc3 Bd3
35. b4 Nc7 36. a4 Ke6 37. Ke1 Bc4 38. Kd2 Bd3 39. Ke1 Bc4 40. Kd2 Nd5 41. Nxd5
Kxd5 42. Kc3 Bd3 43. h4 Bf1 44. Bf2 Be2 45. Be3 Bd3 46. Bf2 Bc4 47. Be3 Bd3 48.
Bf2 Bc4 49. Be3 Bd3 50. Bf2 1/2-1/2

[Event "Challenge 2"]
[Site "http://www.queenalice.com/game.php?id=1078531"]
[Date "2012.7.2"]
[Round "-"]
[White "dietanov"]
[Black "Serrote"]
[Result "0-1"]
[WhiteElo "1921"]
[BlackElo "2023"]

1. e4 c5 2. Nf3 d6 3. d4 cxd4 4. Nxd4 Nf6 5. Nc3 a6 6. Be2 e6 7. Bg5 Be7 8. O-O
Nbd7 9. Nb3 h6 10. Bf4 e5 11. Be3 O-O 12. Qd2 Kh7 13. f4 b5 14. a3 Bb7 15. Bf3
Qc7 16. Nd5 Nxd5 17. exd5 Nf6 18. Qd3+ Kh8 19. Rac1 Rac8 20. fxe5 dxe5 21. c3
Qc4 22. Qxc4 bxc4 23. Nd2 Bxd5 24. Rcd1 Be6 25. Ne4 Nd5 26. Bf2 Nf4 27. g3 Nh3+
28. Kg2 Nxf2 29. Rxf2 Rcd8 30. Rfd2 Rxd2+ 31. Rxd2 Kg8 32. Nf2 f6 33. Bd5 Kf7
34. Bxe6+ Kxe6 35. Nd1 f5 36. Ne3 Bg5 37. Re2 Bxe3 38. Rxe3 Rb8 39. Re2 g5 40.
Rd2 Rb6 41. h3 Rd6 42. Rxd6+ Kxd6 43. Kf3 h5 44. Ke3 Kd5 45. Kf3 e4+ 46. Ke3 Ke5
47. a4 f4+ 48. gxf4+ gxf4+ 49. Ke2 Kf5 50. Kf2 Kg5 51. Kg2 Kh4 0-1

[Event "Challenge"]
[Site "http://www.queenalice.com/game.php?id=1084525"]
[Date "2012.7.19"]
[Round "-"]
[White "pancas"]
[Black "Serrote"]
[Result "0-1"]
[WhiteElo "1837"]
[BlackElo "2035"]

1. e4 c5 2. Nf3 d6 3. d4 cxd4 4. Nxd4 Nf6 5. Nc3 a6 6. Bd3 e6 7. Bg5 Be7 8. Nf3
Nbd7 9. O-O O-O 10. Re1 Qc7 11. Rc1 b5 12. a3 Re8 13. h3 Bb7 14. Bf4 e5 15. Bg3
Nc5 16. b4 Ncd7 17. Nd5 Nxd5 18. exd5 Bxd5 19. Bxh7+ Kxh7 20. Qxd5 Qc4 21. Qxc4
bxc4 22. Nh4 g6 23. Nf3 Rad8 24. Re4 Rc8 25. Rce1 f5 26. R4e2 Bf6 27. Bh4 Bxh4
28. Nxh4 e4 29. g3 Nf6 30. Rd2 d5 31. Ng2 Rcd8 32. Nf4 Rd6 33. c3 Red8 34. Ne2
Kg7 35. Nd4 Kf7 36. Rb2 Rb8 37. Reb1 Rdb6 38. b5 axb5 39. Rxb5 Rxb5 40. Rxb5
Rxb5 41. Nxb5 Nd7 42. Kf1 Nb6 43. Ke2 Ke6 44. Ke3 Ke5 45. Kd2 Na4 46. Ke3 g5 47.
h4 f4+ 48. gxf4+ gxf4+ 49. Ke2 Kf5 50. Kd2 Kg4 51. h5 Kxh5 52. Nd4 Kg4 53. Nc2
Kf3 54. Nb4 Kxf2 55. Nxd5 e3+ 56. Kc2 f3 57. Nf4 e2 58. Nh3+ Ke3 59. Ng1 e1=Q
60. Nxf3 Qxc3+ 61. Kd1 Nb2# 0-1

[Event "Challenge"]
[Site "http://www.queenalice.com/game.php?id=1084526"]
[Date "2012.7.19"]
[Round "-"]
[White "Serrote"]
[Black "pancas"]
[Result "1/2-1/2"]
[WhiteElo "2052"]
[BlackElo "1820"]

1. d4 d5 2. e3 Nc6 3. c4 Bf5 4. Bd3 Bxd3 5. Qxd3 Nb4 6. Qc3 e6 7. a3 Nc6 8. cxd5
Qxd5 9. Nf3 Nf6 10. Nbd2 Ne4 11. Nxe4 Qxe4 12. O-O Bd6 13. Bd2 O-O 14. Rac1 Rfd8
15. Qc2 Qg4 16. h3 Qh5 17. Bc3 Ne7 18. Qd1 Nd5 19. Nd2 Qg5 20. Qe2 Nxc3 21. Rxc3
Qg6 22. Nf3 f5 23. Rfc1 c6 24. Nd2 Re8 25. Qd3 Rad8 26. Nc4 Bb8 27. Qe2 Qg5 28.
Nd2 Qe7 29. Nf3 Qd6 30. Ne5 Qd5 31. Nf3 Qd6 32. Ne5 Rc8 33. Rc5 Qe7 34. Nf3 Red8
35. R1c2 Bd6 36. R5c3 Rf8 37. Rd2 f4 38. Rd1 h6 39. Rcd3 Rcd8 40. R3d2 Rd7 41.
Rd3 Rfd8 42. R3d2 Bc7 43. Rd3 fxe3 44. Qxe3 Qd6 45. R1d2 Qd5 46. Re2 Re8 47. Qe4
Qb5 48. Rc2 Rf8 49. Qxe6+ Kh8 50. Qe3 Rdf7 51. Qe2 Qd5 52. Rc5 Qd6 53. Re5 Qg6
54. Ree3 Qf5 55. Qd1 Qd7 56. Rb3 b6 57. Rbd3 Qd6 58. Re5 Qg6 59. Ree3 Qd6 60.
Re5 Qd8 61. Ree3 Rf5 62. Rc3 Qd6 63. Rcd3 R5f7 64. d5 c5 65. Re6 Qd7 66. d6 Qxe6
67. dxc7 Rxc7 68. Re3 Qc6 69. Qc2 Rcf7 70. Ne5 Qc7 71. Ng6+ Kg8 72. Nxf8 Rxf8
73. Qe2 Rf7 74. Re8+ Kh7 75. Qd3+ g6 76. Qc3 Rg7 77. Qc2 Qd7 78. Re3 Re7 79. Qe2
Rxe3 80. fxe3 Qf5 81. e4 Qe5 82. Kf2 Qf6+ 83. Ke1 Qe5 84. Kf1 Kg7 85. Ke1 Qg3+
86. Qf2 Qxf2+ 87. Kxf2 Kf6 88. Ke3 Ke5 89. Kf3 c4 90. Ke3 b5 91. Kf3 a5 92. Ke3
b4 93. a4 c3 94. bxc3 bxc3 95. Kd3 c2 96. Kxc2 Kxe4 97. Kc3 Kd5 98. Kd3 Kc5 99.
Kc3 g5 100. g4 Kd5 101. Kd3 Kc5 102. Kc3 1/2-1/2

[Event "Challenge"]
[Site "http://www.queenalice.com/game.php?id=1093431"]
[Date "2012.8.15"]
[Round "-"]
[White "roda"]
[Black "Serrote"]
[Result "1-0"]
[WhiteElo "1859"]
[BlackElo "2061"]

1. c4 c5 2. e4 Nc6 3. Nf3 d6 4. Nc3 Nf6 5. a3 e6 6. d3 Be7 7. Be2 O-O 8. O-O a6
9. h3 Re8 10. Be3 Qc7 11. Qd2 Rb8 12. Rab1 Bf8 13. Nh2 Ne5 14. f4 Ned7 15. Ng4
Nxg4 16. Bxg4 Nf6 17. Rf3 b5 18. cxb5 axb5 19. Rg3 g6 20. f5 Nxg4 21. Rxg4 exf5
22. exf5 Bxf5 23. Nd5 Qd8 24. Bg5 Be7 25. Rg3 Bxg5 26. Rxg5 Bxd3 27. Rc1 c4 28.
Qf4 Re2 29. Rf1 Qf8 30. Qd4 Qg7 31. Nf6+ Kh8 32. Qxd6 Ree8 33. Nxe8 Rxe8 34. Rf2
h6 35. Rxb5 Kh7 36. Rb7 Re1+ 37. Kh2 Bf5 38. Qc5 Re8 39. Qxc4 Qe5+ 40. g3 Re7
41. Rxe7 Qxe7 42. a4 Qd7 43. h4 Kg8 44. a5 Be6 45. Qc1 Qa7 46. Qd2 h5 47. b4 Qb7
48. Qd4 Qc6 49. Rb2 Qb5 50. Qd6 Qf1 51. Rg2 Qf3 52. Qf4 Qc6 53. Qb8+ Kg7 54. b5
Qe4 55. Qf4 Qd5 56. Rb2 Bd7 57. b6 Bc6 58. Qc1 Bb7 59. Qa1 Kg8 60. a6 Bc6 61. b7
1-0

[Event "AEAP 2012"]
[Site "http://www.queenalice.com/game.php?id=1095590"]
[Date "2012.8.22"]
[Round "3"]
[White "frankcasadio"]
[Black "Serrote"]
[Result "0-1"]
[WhiteElo "2000"]
[BlackElo "2037"]

1. e4 c5 2. Bc4 e6 3. Nc3 Nc6 4. d3 d6 5. Nf3 Nf6 6. Bg5 Be7 7. a3 a6 8. d4 cxd4
9. Nxd4 Ne5 10. Qe2 Qc7 11. Bb3 O-O 12. Qd2 Nc4 13. Bxc4 Qxc4 14. b3 Qc7 15. O-O
b5 16. b4 Bb7 17. f3 Rac8 18. Nce2 Rfe8 19. Rac1 Qb6 20. Kh1 Qc7 21. c3 d5 22.
Bxf6 Bxf6 23. exd5 Bxd5 24. Qe3 h6 25. Nf4 Bb7 26. Nh5 Be5 27. g3 Qe7 28. Qxe5
f6 29. Qe3 Qf7 30. Rfe1 Qxh5 31. Kg2 Bd5 32. Ne2 e5 33. h3 Bb7 34. g4 Qf7 35.
Ng3 Rcd8 36. Nf5 Bc8 37. Rcd1 Bxf5 38. gxf5 Rd7 39. Rd3 Red8 40. Red1 Qe7 41.
Rxd7 Rxd7 42. Rd3 Rc7 43. Qe4 Qe8 44. Qd5+ Kh7 45. Qe6 Re7 46. Qxa6 e4 47. fxe4
Rxe4 48. Rd2 Qe5 49. Rd4 Re2+ 50. Kf3 Qe3+ 51. Kg4 Rg2+ 0-1

[Event "AEAP 2012"]
[Site "http://www.queenalice.com/game.php?id=1115002"]
[Date "2012.10.22"]
[Round "4"]
[White "Serrote"]
[Black "MarcosT"]
[Result "0-1"]
[WhiteElo "2043"]
[BlackElo "1727"]

1. d4 d5 2. e3 Nf6 3. c4 c6 4. Nc3 g6 5. Nf3 Bg7 6. Be2 O-O 7. O-O Be6 8. cxd5
cxd5 9. a3 Nc6 10. b4 a6 11. Bb2 b5 12. Rc1 Ne4 13. Bd3 Nxc3 14. Bxc3 a5 15.
Bxb5 Bd7 16. Bxc6 Bxc6 17. Qc2 Re8 18. Bd2 Rc8 19. Qb2 axb4 20. Bxb4 e5 21. dxe5
d4 22. Rxc6 Rxc6 23. exd4 Rce6 24. Ng5 Qxg5 25. h3 Qd8 26. Qb1 Qxd4 0-1

[Event "Challenge"]
[Site "http://www.queenalice.com/game.php?id=1161168"]
[Date "2013.3.15"]
[Round "-"]
[White "Serrote"]
[Black "pancas"]
[Result "1/2-1/2"]
[WhiteElo "2014"]
[BlackElo "1766"]

1. d4 d5 2. e3 Nc6 3. c4 e6 4. Nc3 Nf6 5. Nf3 Be7 6. Be2 O-O 7. O-O h6 8. a3 Na5
9. cxd5 Nxd5 10. Bd2 Nxc3 11. Bxc3 Nc6 12. Qc2 Bd7 13. Rac1 Rc8 14. Bd3 a6 15.
b4 Bf6 16. Rfd1 Ne7 17. Bb2 c6 18. Qe2 Re8 19. Bc2 Nd5 20. Qd3 g6 21. Re1 Bg7
22. Bd1 Qe7 23. Be2 Rf8 24. Red1 Nb6 25. Qc2 Nd5 26. Nd2 e5 27. Ne4 Bf5 28. Bd3
Kh8 29. Qc5 exd4 30. Qxe7 Nxe7 31. Nd6 Rc7 32. Nxf5 Nxf5 33. Bxf5 gxf5 34. Bxd4
Re8 35. Bxg7+ Kxg7 36. Rc4 Re6 37. g3 Kg6 38. Kg2 Rce7 39. Rf4 Rc7 40. Rc4 Kg7
41. h3 b5 42. Rc5 Rf6 43. Rd4 Kg6 44. f4 Re6 45. Kf3 Rce7 46. Rc3 h5 47. Rdd3
Kf6 48. g4 fxg4+ 49. hxg4 hxg4+ 50. Kxg4 Kg7 51. Kf3 f6 52. Rc2 Rc7 53. Rcd2 Kf7
54. Rd7+ Rxd7 55. Rxd7+ Re7 56. Rd4 Rc7 57. Rd2 Ke7 58. Rc2 Ke6 59. e4 Kd6 60.
Rd2+ Ke7 61. Rc2 Ke6 62. Rc3 Ke7 63. Ke3 1/2-1/2

[Event "Challenge"]
[Site "http://www.queenalice.com/game.php?id=1182166"]
[Date "2013.5.17"]
[Round "-"]
[White "pancas"]
[Black "Serrote"]
[Result "1/2-1/2"]
[WhiteElo "1793"]
[BlackElo "2012"]

1. e4 e6 2. d4 d5 3. e5 c5 4. Nf3 Nc6 5. Bf4 Qb6 6. b3 cxd4 7. Bd3 Nge7 8. O-O
Nb4 9. Nxd4 Nxd3 10. Qxd3 Nc6 11. Nxc6 bxc6 12. Nd2 Be7 13. Nf3 Ba6 14. c4 Rd8
15. Qc3 O-O 16. Rfc1 Bb4 17. Qc2 Rc8 18. Ng5 g6 19. Nh3 Be7 20. Bh6 Rfe8 21. Qd2
Qd8 22. cxd5 cxd5 23. Qd4 Qb6 24. Qf4 Qb4 25. Qe3 Qb6 26. Qg3 Qd8 27. Qe3 Qb6
28. Qf3 Qd8 29. Rxc8 Qxc8 30. Ng5 Rf8 31. Qh3 Bxg5 32. Bxg5 f6 33. Bxf6 Rf7 34.
Qg3 Rc7 35. h4 Rc1+ 36. Rxc1 Qxc1+ 37. Kh2 Bc8 38. Bg5 Qc7 39. Bh6 Qf7 40. Qc3
Bd7 41. Qc7 Be8 42. Qxf7+ Kxf7 43. b4 Bb5 44. a3 a6 45. Kg3 Ke7 46. Be3 Kd7 47.
Kg4 Ke7 48. Kg5 Kf7 49. Kh6 Kg8 50. g4 Ba4 51. f4 Bc2 52. f5 exf5 53. gxf5 gxf5
54. Bc5 f4 55. e6 f3 56. Kg5 Kg7 57. Kf4 f2 58. Bxf2 Kf6 59. e7 Kxe7 60. Ke5 Bb3
61. Kd4 Kd6 62. Be3 Kc6 63. Kc3 Bd1 64. Bd4 Ba4 65. Be5 Bd1 66. Kd4 Bb3 67. Ke3
Kb5 68. Kd3 Kc6 69. Kd4 Ba4 1/2-1/2

[Event "Challenge"]
[Site "http://www.queenalice.com/game.php?id=1182167"]
[Date "2013.5.17"]
[Round "-"]
[White "Serrote"]
[Black "pancas"]
[Result "1-0"]
[WhiteElo "2004"]
[BlackElo "1801"]

1. d4 d5 2. e3 Nc6 3. c4 e6 4. Nc3 a6 5. Nf3 Be7 6. cxd5 exd5 7. Be2 Nf6 8. O-O
Be6 9. a3 Qd7 10. Bd2 h5 11. Rc1 Nh7 12. Re1 Ng5 13. Nxg5 Bxg5 14. Bxh5 O-O-O
15. f4 Be7 16. Qe2 g5 17. Rf1 f5 18. fxg5 Bxg5 19. Rf2 Qh7 20. g4 Rdg8 21. Rg2
fxg4 22. Bxg4 Bxg4 23. Qxg4+ Kb8 24. Kh1 Qf7 25. Qe2 Bh4 26. Rcg1 Re8 27. Rg7
Qf5 28. Qg4 Qc2 29. Bc1 Qb3 30. Qf3 Rd8 31. Qf7 Be7 32. Rg8 Qc2 33. R8g2 Qd3 34.
Qg6 Qc4 35. Qc2 Bd6 36. Qe2 Qxe2 37. Rxe2 Rde8 38. Nxd5 Nxd4 39. Rf2 Nb3 40. Bd2
Rd8 41. Bc3 Rhe8 42. Re2 Bc5 43. Nf6 Rxe3 44. Rxe3 Bxe3 45. Rg8 Rxg8 46. Nxg8
Bd4 47. Bxd4 Nxd4 48. Kg2 Kc8 49. h4 Kd8 50. Kg3 Ke8 51. Nf6+ Kf7 52. Nd5 c6 53.
Nf4 Nf5+ 54. Kg4 Ne3+ 55. Kg5 Kg7 56. h5 Nd5 57. Nxd5 c5 58. Nb6 Kh7 59. b3 Kg7
60. Nd7 b5 61. Nxc5 a5 62. Nb7 a4 63. b4 Kh7 64. Nd6 1-0

[Event "Mestre"]
[Site "http://www.queenalice.com/game.php?id=1208929"]
[Date "2013.8.17"]
[Round "-"]
[White "pancas"]
[Black "Serrote"]
[Result "1-0"]
[WhiteElo "1807"]
[BlackElo "1998"]

1. e4 c5 2. Nf3 d6 3. d4 cxd4 4. Nxd4 e6 5. Bb5+ Bd7 6. Nc3 a6 7. Bxd7+ Nxd7 8.
Bd2 Ngf6 9. h3 Be7 10. a3 Qc7 11. O-O O-O 12. Re1 Ne5 13. Bf4 Ng6 14. Bh2 e5 15.
Nf5 Rfd8 16. Nxe7+ Nxe7 17. f4 Nc6 18. Nd5 Nxd5 19. Qxd5 Rac8 20. c3 Ne7 21. Qb3
Nc6 22. fxe5 dxe5 23. Rf1 h6 24. Rfd1 Na5 25. Qc2 Nc4 26. Qe2 Qc5+ 27. Kh1 Nd6
28. Rd5 Qc4 29. Qxc4 Nxc4 30. b3 Ne3 31. Rxd8+ Rxd8 32. Bxe5 Nc2 33. Ra2 Rd1+
34. Kh2 Ne1 35. b4 Rd7 36. Bd4 Re7 37. e5 Nd3 38. Re2 Nf4 39. Re3 Nd5 40. Rg3
Re6 41. c4 Ne7 42. Rb3 Nc6 43. Rd3 Nxd4 44. Rxd4 Rxe5 45. Rd7 b6 46. Rd6 Re6 47.
Rd8+ Kh7 48. Ra8 b5 49. c5 Rc6 50. Rb8 Rc7 51. Rb6 a5 52. Rxb5 axb4 53. axb4 Kg6
54. Rb6+ Kf5 55. c6 Ke6 56. b5 Kd6 57. Kg3 f6 58. Kf4 g6 59. Rb7 Rxb7 60. cxb7
Kc7 61. Ke4 Kxb7 62. Kd5 1-0

[Event "Mestre"]
[Site "http://www.queenalice.com/game.php?id=1208930"]
[Date "2013.8.17"]
[Round "-"]
[White "Serrote"]
[Black "pancas"]
[Result "1-0"]
[WhiteElo "1989"]
[BlackElo "1816"]

1. d4 d5 2. e3 Nc6 3. c4 e6 4. Nc3 Nf6 5. Nf3 Be7 6. Be2 O-O 7. O-O h6 8. a3 a6
9. Bd2 Na5 10. c5 Nh7 11. Rc1 Ng5 12. Nxg5 Bxg5 13. Nxd5 Nc6 14. Nc3 e5 15. d5
Ne7 16. e4 Bxd2 17. Qxd2 f5 18. Bc4 Kh8 19. Rcd1 f4 20. Be2 Ng6 21. f3 Qe7 22.
d6 cxd6 23. cxd6 Qd7 24. Bc4 Kh7 25. Bb3 Nh8 26. Na4 b5 27. Nc5 Qa7 28. Qf2 Bd7
29. Nxd7 Qxd7 30. Qc5 Qa7 31. Qxa7 Rxa7 32. Rd5 Rd7 33. Rc1 Rfd8 34. Rc6 Nf7 35.
Rxa6 Rxd6 36. Raxd6 Rxd6 37. Rxb5 Nd8 38. Bd5 Kg6 39. Kf2 Kf6 40. Ke2 Nc6 41.
Bxc6 Rxc6 42. Rd5 Rb6 43. Rd2 g5 44. b4 Ra6 45. Rd3 Rb6 46. Kd2 Rc6 47. Rc3 Rb6
48. Kc2 Ke6 49. Rd3 Rc6+ 50. Kb2 Rc8 51. Rd2 Rc7 52. a4 Rb7 53. b5 Ra7 54. Kb3
Ra8 55. Kb4 h5 56. b6 g4 57. a5 g3 58. h3 Rc8 59. Kb5 Rc3 60. b7 Rb3+ 61. Ka6
1-0